Public speaking for college and career / (Record no. 275)
[ view plain ]
| 000 -LEADER | |
|---|---|
| fixed length control field | 01603nac a22003851u 4500 |
| 003 - CONTROL NUMBER IDENTIFIER | |
| control field | EG-ScBUE |
| 005 - DATE AND TIME OF LATEST TRANSACTION | |
| control field | 20200108100909.0 |
| 006 - FIXED-LENGTH DATA ELEMENTS--ADDITIONAL MATERIAL CHARACTERISTICS--GENERAL INFORMATION | |
| fixed length control field | m||||fq||h 00| 0 |
| 008 - FIXED-LENGTH DATA ELEMENTS--GENERAL INFORMATION | |
| fixed length control field | 101011t2005 nyua f 001 0 eng d |
| 020 ## - INTERNATIONAL STANDARD BOOK NUMBER | |
| International Standard Book Number | 0072862858 (softcover : alk. paper) |
| 020 ## - INTERNATIONAL STANDARD BOOK NUMBER | |
| International Standard Book Number | 9780072862850 |
| 020 ## - INTERNATIONAL STANDARD BOOK NUMBER | |
| International Standard Book Number | 0072958596 (annotated instructor's ed : softcover : alk. paper) |
| 040 ## - CATALOGING SOURCE | |
| Original cataloging agency | EG-ScBUE |
| Language of cataloging | eng |
| Description conventions | rda |
| Transcribing agency | EG-ScBUE |
| Modifying agency | EG-ScBUE |
| -- | EG-ScBUE |
| 082 04 - DEWEY DECIMAL CLASSIFICATION NUMBER | |
| Classification number | 808.51 |
| Item number | GRE |
| Edition number | 22 |
| 100 1# - MAIN ENTRY--PERSONAL NAME | |
| Personal name | Gregory, Hamilton, |
| Relator term | author. |
| 9 (RLIN) | 20276 |
| 245 10 - TITLE STATEMENT | |
| Title | Public speaking for college and career / |
| Statement of responsibility, etc | Hamilton Gregory, Asheville-Buncombe Technical Community College. |
| 250 ## - EDITION STATEMENT | |
| Edition statement | Seventh edition. |
| 264 #1 - PUBLICATION, DISTRIBUTION, ETC. (IMPRINT) | |
| Place of publication, distribution, etc | New York, NY : |
| Name of publisher, distributor, etc | McGraw-Hill, |
| Date of publication, distribution, etc | [2005] |
| 264 #4 - PUBLICATION, DISTRIBUTION, ETC. (IMPRINT) | |
| Date of publication, distribution, etc | c 2005 |
| 300 ## - PHYSICAL DESCRIPTION | |
| Extent | xxxv, 476 pages : |
| Other physical details | color illustrations ; |
| Dimensions | 26 cm + |
| Accompanying material | 1 CD |
| 336 ## - CONTENT TYPE | |
| Source | rdacontent |
| Content type term | text |
| Content type code | txt |
| 336 ## - CONTENT TYPE | |
| Source | rdacontent |
| Content type term | sounds |
| Content type code | snd |
| 337 ## - MEDIA TYPE | |
| Source | rdamedia |
| Media type term | unmediated |
| Media type code | n |
| 337 ## - MEDIA TYPE | |
| Source | rdamedia |
| Media type term | audio |
| Media type code | s |
| 338 ## - CARRIER TYPE | |
| Source | rdacarrier |
| Carrier type term | volume |
| Carrier type code | nc |
| 338 ## - CARRIER TYPE | |
| Source | rdacarrier |
| Carrier type term | computer disc |
| Carrier type code | cd |
| 500 ## - GENERAL NOTE | |
| General note | Includes index. |
| 500 ## - GENERAL NOTE | |
| General note | Includes appendix. |
| 538 ## - SYSTEM DETAILS NOTE | |
| System details note | System requirements for accompanying computer discs: Microsoft Windows 98SE, 2000, ME, NT 4.0, SP 6, or XP, or Mac 9.2, OS X, 10.2, or OS X Classic Mode, 64MB RAM, CD-ROM drive 16x or faster, sVGA color monitor at resolution 800 x 600, sound card, Netscape 7 or Internet Explorer 5 QuickTime 6. |
| 590 ## - LOCAL NOTE (RLIN) | |
| Local note | amira yasser |
| 650 #7 - SUBJECT ADDED ENTRY--TOPICAL TERM | |
| Topical term or geographic name as entry element | Public speaking. |
| Source of heading or term | BUEsh |
| 9 (RLIN) | 20277 |
| 653 ## - INDEX TERM--UNCONTROLLED | |
| Resource For college | Humanities: English |
| Arrived date list | January2020 |
| 655 ## - INDEX TERM--GENRE/FORM | |
| Form subdivision | Reading book |
| 942 ## - ADDED ENTRY ELEMENTS (KOHA) | |
| Koha item type | Book - Borrowing |
| Call number prefix | 808.51GRE |
| Source of classification or shelving scheme | Dewey Decimal Classification |
| Withdrawn status | Lost status | Source of classification or shelving scheme | Damaged status | Not for loan | Collection code | Home library | Current library | Shelving location | Date acquired | Source of acquisition | Cost, normal purchase price | Total Checkouts | Total Renewals | Full call number | Barcode | Date last seen | Date checked out | Cost, replacement price | Price effective from | Koha item type | Checked out | Public note |
|---|---|---|---|---|---|---|---|---|---|---|---|---|---|---|---|---|---|---|---|---|---|---|
| Dewey Decimal Classification | Central Library | Central Library | Second Floor | 20/02/2006 | 310.00 | 4 | 13 | 808.51 GRE | 000004398 | 15/07/2025 | 04/03/2019 | 387.50 | 20/02/2006 | Book - Borrowing | ||||||||
| Dewey Decimal Classification | Central Library | Central Library | Second Floor | 20/02/2006 | 310.00 | 2 | 8 | 808.51 GRE | 000004397 | 15/07/2025 | 13/12/2021 | 387.50 | 20/02/2006 | Book - Borrowing | ||||||||
| Dewey Decimal Classification | Central Library | Central Library | Second Floor | 20/02/2006 | 310.00 | 2 | 1 | 808.51 GRE | 000004396 | 21/09/2010 | 21/09/2010 | 387.50 | 20/02/2006 | Book - Borrowing | 21/10/2010 | |||||||
| Dewey Decimal Classification | Central Library | Central Library | Second Floor | 20/02/2006 | 310.00 | 2 | 18 | 808.51 GRE | 000004395 | 02/02/2022 | 02/02/2022 | 387.50 | 20/02/2006 | Book - Borrowing | 08/01/2025 | |||||||
| Dewey Decimal Classification | Central Library | Central Library | Second Floor | 11/10/2010 | 310.00 | 808.51 GRE | 000004394 | 15/07/2025 | 387.50 | 11/10/2010 | NB - Book (Non borrowing) | |||||||||||
| Dewey Decimal Classification | Central Library | Central Library | Second Floor | 03/11/2010 | 310.00 | 808.51 GRE | 000022517 | 24/08/2022 | 387.50 | 03/11/2010 | CD | DVD - With book (NB) | 2 CDs |